[Reproducció de films de 16 mm a DVD] [Enregistrament de vídeo] / realitzat pel Departament de Documentació de Televisió de Catalunya]
Publicado:
2008 :
Descripción Física:
33 discs òptics (DVD) : b/n, col., so
MARC
| LEADER | 00000nam a2200000Ia 4500 | ||
|---|---|---|---|
| 001 | 20539, 20540, 20541, 20542, 20543, 20544, 20545, 20546, 20547, 20548, 20549, 20550, 20551, 20552, 20553, 20554, 20555, 20556, 20557, 20558, 20559, 20560, 20561, 20562, 20563, 20564, 20565, 20566, 20567, 20568, 20569, 20570, 20571, 20572 | ||
| 008 | 160829s9999 xx 000 0 cat d | ||
| 080 | |a CD-1-99 (Z011212), CD-1-100 (Z011213), CD-1-101 (Z011664), CD-1-102 (Z011665), CD-1-103 (Z011666), CD-1-104 (Z011667), CD-1-105 (Z011668), CD-1-106 (Z011755), CD-1-107 (Z011756), CD-1-108 (Z011757), CD-1-109 (Z011758), CD-1-110 (Z011759), CD-1-111 (Z011760), CD-1-112 (Z011761), CD-1-113 (Z011762), CD-1-114 (Z011763), CD-1-115 (Z011812), CD-1-116 (Z011959), CD-1-117 (Z011960), CD-1-118 (Z011961), CD-1-119 (Z011962), CD-1-120 (Z011963), CD-1-121 (Z011964), CD-1-122 (Z011965), CD-1-123 (Z011966), CD-1-124 (Z011967), CD-1-125 (Z011968), CD-1-126 (Z011969), CD-1-127 (Z011970), CD-1-128 (Z011971), CD-1-129 (Z011989), CD-1-130 (Z011990), CD-1-131 (Z011991), CD-1-132 (Z012030) | ||
| 100 | |a Televisió de Catalunya. Departament de Documentació |9 39251 | ||
| 245 | |a [Reproducció de films de 16 mm a DVD] [Enregistrament de vídeo] / realitzat pel Departament de Documentació de Televisió de Catalunya] | ||
| 260 | |a 2008 | ||
| 300 | |a 33 discs òptics (DVD) : |b b/n, col., so | ||
| 590 | |a Alguns dels films en 16 mm emmagatzemats al Dipòsit van seleccionar-se i reproduir-se en format DVD pel Departament de Documentació de Televisió de Catalunya l'any 1996. | ||
| 590 | |a El contingut detallat de les pel·lícules es troba a la base de dades M:\ArxiuH\Audiovis (cercar per topogràfic). | ||
| 590 | |a Hi ha una còpia del R. 20540 i R. 20553 | ||
| 901 | |a Arxiu | ||
| 942 | |n 1 | ||
| 952 | |0 0 |1 0 |4 0 |6 CD199_Z011212_CD1100_Z011213_CD1101_Z011664_CD1102_Z011665_CD1103_Z011666_CD1104_Z011667_CD1105_Z011668_CD1106_Z011755_CD1107_Z011756_CD1108_Z011757_CD1109_Z011758_CD1110_Z011759_CD1111_Z011760_CD1112_Z011761_CD1113_Z011762_CD1114_Z011763_CD1115_Z011812_C |7 1 |9 48891 |a Arxiu |b Arxiu |d 2016-12-01 |l 0 |o CD-1-99 (Z011212), CD-1-100 (Z011213), CD-1-101 (Z011664), CD-1-102 (Z011665), CD-1-103 (Z011666), CD-1-104 (Z011667), CD-1-105 (Z011668), CD-1-106 (Z011755), CD-1-107 (Z011756), CD-1-108 (Z011757), CD-1-109 (Z011758), CD-1-110 (Z011759), CD-1-111 (Z01176 |p 20539, 20540, 20541, |r 2016-12-01 00:00:00 |w 2016-12-01 |y ARXIU | ||
| 999 | |c 52726 |d 52726 | ||